Southville International School and Colleges
Your cart is empty.
  • Cart
  • Lists
    Public lists Eva Luna New books Lux_list list_1
    Your lists Log in to create your own lists
  • Log in to your account
  • Your cookies
  • Search history
Southville International School and Colleges
  • Advanced search
  • Recent comments
  • Most popular
  • Libraries

Log in to your account

Log in with GOOGLE


If you do not have an external account, but do have a local account, you can still log in:

  1. Home
  2. MARC view: A whale is not a fish and other animal mix-ups /
Normal view MARC view ISBD view

A whale is not a fish and other animal mix-ups / (Record no. 33221)

[ view plain ]
MARC details
000 -LEADER
fixed length control field 01175cam a2200349 a 4500
001 - CONTROL NUMBER
control field 3993289
003 - CONTROL NUMBER IDENTIFIER
control field ost
005 - DATE AND TIME OF LATEST TRANSACTION
control field 20140310184237.0
008 - FIXED-LENGTH DATA ELEMENTS--GENERAL INFORMATION
fixed length control field 951206s1995 nyua b 000 0 eng d
010 ## - LIBRARY OF CONGRESS CONTROL NUMBER
LC control number 95236670
020 ## - INTERNATIONAL STANDARD BOOK NUMBER
International Standard Book Number 0590474774
035 ## - SYSTEM CONTROL NUMBER
System control number (OCoLC)33858097
040 ## - CATALOGING SOURCE
Original cataloging agency NBelS
Transcribing agency NBelS
Modifying agency DLC
042 ## - AUTHENTICATION CODE
Authentication code lccopycat
-- lcac
050 04 - LIBRARY OF CONGRESS CALL NUMBER
Classification number QL 49
Item number .B548 1995
082 00 - DEWEY DECIMAL CLASSIFICATION NUMBER
Classification number 591
100 1# - MAIN ENTRY--PERSONAL NAME
Personal name Berger, Melvin.
9 (RLIN) 4942
245 12 - TITLE STATEMENT
Title A whale is not a fish and other animal mix-ups /
Statement of responsibility, etc by Melvin Berger ; illustrated by Marshall Peck III.
260 ## - PUBLICATION, DISTRIBUTION, ETC. (IMPRINT)
Place of publication, distribution, etc New York :
Name of publisher, distributor, etc Scholastic,
Date of publication, distribution, etc c1995.
300 ## - PHYSICAL DESCRIPTION
Extent 64 p. :
Other physical details col. ill. ;
Dimensions 23 cm.
500 ## - GENERAL NOTE
General note "RL3 007-010"--P. [4] of cover.
521 ## - TARGET AUDIENCE NOTE
Target audience note
526 ## - STUDY PROGRAM INFORMATION NOTE
Reading level 650
650 #0 - SUBJECT ADDED ENTRY--TOPICAL TERM
Topical term or geographic name as entry element Animals
General subdivision Identification
Form subdivision Juvenile literature.
9 (RLIN) 30498
650 #0 - SUBJECT ADDED ENTRY--TOPICAL TERM
Topical term or geographic name as entry element Animals
Form subdivision Classification
-- Juvenile literature.
9 (RLIN) 30499
650 #1 - SUBJECT ADDED ENTRY--TOPICAL TERM
Topical term or geographic name as entry element Animals.
9 (RLIN) 27385
700 1# - ADDED ENTRY--PERSONAL NAME
Personal name Peck, Marshall H.,
Relator term ill.
9 (RLIN) 30500
906 ## - LOCAL DATA ELEMENT F, LDF (RLIN)
a 7
b cbc
c copycat
d 3
e ncip
f 19
g y-gencatlg
942 ## - ADDED ENTRY ELEMENTS (KOHA)
Source of classification or shelving scheme Library of Congress Classification
Koha item type
Call number prefix
Holdings
Withdrawn status Lost status Source of classification or shelving scheme Damaged status Home library Current library Shelving location Date acquired Total Checkouts Full call number Barcode Date last seen Date checked out Copy number Price effective from Koha item type
    Library of Congress Classification   Luxembourg Library Luxembourg Library Scholastic Reading Center Section 03/27/2012 1 QL 49 .B548 1995 LEX0073 04/18/2017 05/18/2016 1 03/27/2012 Books

A whale is not a fish and other animal mix-ups /

APA

Berger M., Peck M. H., . (1995). A whale is not a fish and other animal mix-ups. New York: Scholastic.

Chicago

Berger Melvin, Peck Marshall H, . 1995. A whale is not a fish and other animal mix-ups. New York: Scholastic.

Harvard

Berger M., Peck M. H., . (1995). A whale is not a fish and other animal mix-ups. New York: Scholastic.

MLA

Berger Melvin, Peck Marshall H, . A whale is not a fish and other animal mix-ups. New York: Scholastic. 1995.

  • Place hold
  • Print
  • Cite
  • Add to your cart (remove)
  • Save record
    BIBTEX Dublin Core MARCXML MARC (non-Unicode/MARC-8) MARC (Unicode/UTF-8) MARC (Unicode/UTF-8, Standard) MODS (XML) RIS
  • More searches
    Search for this title in:
    Other Libraries (WorldCat) Other Databases (Google Scholar) Online Stores (Bookfinder.com) Open Library (openlibrary.org)

Exporting to Dublin Core...

SOUTHVILLE LIBRARY

Southville International School and Colleges Library

1281 Tropical Ave. Cor. Luxembourg St., BF Homes International, Las Pinas City

Tel. No. 8256374 / 252358 Loc. 117/146

Powered by Koha